MARC details
| 000 -CABECERA |
| campo de control de longitud fija |
03139nam a2200337 4500 |
| 003 - IDENTIFICADOR DEL NÚMERO DE CONTROL |
| campo de control |
EC-UNACH |
| 005 - FECHA Y HORA DE LA ÚLTIMA TRANSACCIÓN |
| campo de control |
20260402155522.0 |
| 006 - CÓDIGOS DE INFORMACIÓN DE LONGITUD FIJA--CARACTERÍSTICAS DEL MATERIAL ADICIONAL |
| campo de control de longitud fija |
s||||gr|||| 00| 00 |
| 008 - DATOS DE LONGITUD FIJA--INFORMACIÓN GENERAL |
| campo de control de longitud fija |
150116t9999 mx r gr 000 0 spa d |
| 040 ## - FUENTE DE LA CATALOGACIÓN |
| Centro catalogador/agencia de origen |
EC-UNACH |
| Centro/agencia transcriptor |
EC-UNACH |
| 041 ## - CÓDIGO DE LENGUA |
| Código de lengua del texto/banda sonora o título independiente |
spa |
| 082 04 - NÚMERO DE LA CLASIFICACIÓN DECIMAL DEWEY |
| Número de edición |
23 |
| Número de clasificación |
658.3 |
| Número de documento/Ítem |
L018623 |
| 100 ## - ENTRADA PRINCIPAL--NOMBRE DE PERSONA |
| Nombre de persona |
Cejas Martínez, Magda Francisca / Liccioni, Edith Josefina / Aldaz Hernández, Silvia Marieta / Guerrero Vaca, Daniel Marcelo |
| 245 ## - MENCIÓN DE TÍTULO |
| Título |
Aportes teóricos: Turismo y Talento Humano |
| 250 ## - MENCIÓN DE EDICIÓN |
| Mención de edición |
Primera edición |
| 264 ## - Producción, publicación, distribución, fabricación y copyright |
| Lugar de producción, publicación, distribución, fabricación |
Riobamba - Ecuador |
| Nombre del de productor, editor, distribuidor, fabricante |
Universidad Nacional de Chimborazo |
| Fecha de de producción, publicación, distribución, fabricación o copyright |
2025 |
| 264 ## - Producción, publicación, distribución, fabricación y copyright |
| Lugar de producción, publicación, distribución, fabricación |
Producción UNACH |
| 300 ## - DESCRIPCIÓN FÍSICA |
| Extensión |
132 páginas |
| Otras características físicas |
Figuras, tablas; |
| 501 ## - NOTA DE "CON" |
| Nota de “Con” |
El presente libro, titulado Aportes teóricos: Turismo y Talento Humano, reúne un conjunto de reflexiones académicas orientadas a comprender la estrecha relación entre el desarrollo del turismo y la gestión del capital humano. A través de cuatro capítulos, se ofrece una visión integral que articula perspectivas conceptuales, experiencias comunitarias y retos contemporáneos. En el primer capítulo, La gestión del talento humano en el turismo, se analiza el papel estratégico de los profesionales como eje del servicio, destacando la importancia de la formación continua, la motivación y el liderazgo para enfrentar la competencia global. El segundo capítulo, Desarrollo turístico comunitario, aborda el protagonismo de las comunidades locales en la construcción de destinos sostenibles, resaltando la identidad cultural, la participación y el empoderamiento social como elementos clave para un turismo equitativo y responsable. El tercer capítulo, Turismo rural comunitario en tiempos de pospandemia, reflexiona sobre las oportunidades y desafíos surgidos tras la crisis sanitaria, donde los espacios rurales emergen como destinos seguros y auténticos. Finalmente, el cuarto capítulo, Comunicación y emociones: Competencias en el turismo, enfatiza la dimensión humana del servicio, subrayando la necesidad de desarrollar habilidades socioemocionales y comunicativas que permitan brindar experiencias memorables y significativas a los visitantes. La obra constituye una invitación a repensar el turismo como un fenómeno humano, social y cultural, en el que la gestión del talento, la sostenibilidad comunitaria, la resiliencia rural y las competencias emocionales se convierten en pilares esenciales. |
| 505 ## - NOTA DE CONTENIDO CON FORMATO |
| Nota de contenido con formato |
Capítulo I: La gestión del talento humano en el Turismo -- Capítulo II: Desarrollo turístico comunitario -- Capítulo III: Turismo rural comunitario en tiempos de pospandemia -- Capítulo IV: Comunicación y emociones: competencias en el turismo |
| 650 ## - PUNTO DE ACCESO ADICIONAL DE MATERIA--TÉRMINO DE MATERIA |
| Término de materia o nombre geográfico como elemento inicial |
TURISMO |
| 650 ## - PUNTO DE ACCESO ADICIONAL DE MATERIA--TÉRMINO DE MATERIA |
| Término de materia o nombre geográfico como elemento inicial |
COMPETENCIAS |
| 650 ## - PUNTO DE ACCESO ADICIONAL DE MATERIA--TÉRMINO DE MATERIA |
| Término de materia o nombre geográfico como elemento inicial |
CAPITAL HUMANO |
| 650 ## - PUNTO DE ACCESO ADICIONAL DE MATERIA--TÉRMINO DE MATERIA |
| Término de materia o nombre geográfico como elemento inicial |
TURISMO COMUNITARIO |
| 650 ## - PUNTO DE ACCESO ADICIONAL DE MATERIA--TÉRMINO DE MATERIA |
| Término de materia o nombre geográfico como elemento inicial |
SOSTENIBILIDAD |
| 856 ## - LOCALIZACIÓN Y ACCESO ELECTRÓNICOS |
| Identificador Uniforme del Recurso |
<a href="https://editorial.unach.edu.ec/index.php/Editorial/catalog/book/280">https://editorial.unach.edu.ec/index.php/Editorial/catalog/book/280</a> |
| Texto de enlace |
Libro Digital - Aportes teóricos: Turismo y Talento Humano |
| 942 ## - ELEMENTOS DE PUNTO DE ACCESO ADICIONAL (KOHA) |
| Fuente del sistema de clasificación o colocación |
Clasificación Decimal Dewey |
| Tipo de ítem Koha |
Libro electrónico |
| 999 ## - NÚMEROS DE CONTROL DE SISTEMA (KOHA) |
| Koha biblionumber |
14485 |